Real Madrid - Name the Football/Soccer Player - Statistics

General Stats
  • This quiz has been taken 36 times
  • The average score is 9 of 12
Answer Stats
Picture Answer % Correct
Fabio Cannavaro
91%
Javier Hernandez
91%
Sami Khedira
85%
Samuel Eto'o
82%
Gonzalo Higuain
79%
Guti
76%
Dani Ceballos
73%
Luka Jovic
67%
Van Nistelrooy
64%
Mariano Diaz
58%
Fabio Coentrao
55%
Alvaro Arbeloa
48%
No matching quizzes found
Score Distribution
Percent of People with Each Score
Percentile by Number Answered
Your Score History
You have not taken this quiz